| 000 | 01362nam a22002657a 4500 | ||
|---|---|---|---|
| 999 |
_c57043 _d57043 |
||
| 003 | Ge_BSU | ||
| 005 | 20191031113505.0 | ||
| 008 | 191031s2009 ||||| |||| 00| 0 geo d | ||
| 020 | _a9789941019777 | ||
| 041 | _ageo | ||
| 080 | _a811.353:811.341.1 მ-58 | ||
| 100 |
_aმესხი, ანა. _96 |
||
| 245 |
_aქართველური და შუმერული ენობრივი მსგავსებანი. წ. 1 / _cანა მესხი ; რედ : იზა ჩანტლაძე ; ქეთევან მარგიანი-სუბარი . |
||
| 264 |
_aთბილისი : _bმწიგნობარი, _c2009. |
||
| 300 |
_a152 გვ. : _c19 სმ. |
||
| 501 | _aინდექსი: გვ. 149-152. | ||
| 504 | _aბიბლიოგრაფია: გვ. 138-144. | ||
| 520 | _aრეზ. ინგლ. | ||
| 653 | _aქართველური ენები | ||
| 653 | _aშუმერული ენა | ||
| 700 |
_aჩანტლაძე, იზა _eრედაქტორი _914 |
||
| 700 |
_aმარგიანი-სუბარი, ქეთევან _eრედაქტორი _912 |
||
| 710 |
_eქართველური ცივილიზაციის კვლევის ცენტრი. _95165 |
||
| 942 |
_2udc _cBK |
||